000 00329nam a2200133 a 4500
005 20140513081057.0
008 080110s19uu xx 00 eng d
050 _aVCD
_bOn58 2003
245 _a123 Count with me/.
260 _bSesame street,
_c2003.
440 _aSesame Street
650 _aCounting numbers.
999 _c116614
_d116614